Lying from You - Linkin Park (All Lyrics) - Statistics

General Stats
  • This quiz has been taken 30 times
  • The average score is 352 of 413
Answer Stats
Answer % Correct
a
100%
be
100%
I
100%
to
100%
want
100%
you
100%
You
100%
back
95%
from)
95%
from
95%
go
95%
is
95%
let
95%
Let
95%
(lying
95%
me
95%
my
95%
tak
95%
all
90%
it
90%
like
90%
Like
90%
(no,
90%
no
90%
(No,
90%
(No
90%
(no
90%
now)
90%
now
90%
see
90%
So
90%
so
90%
take
90%
the
90%
The
90%
very
90%
way
90%
what
90%
When
90%
alone
85%
aside,
85%
can
85%
I'd
85%
of
85%
on
85%
own
85%
part
85%
pretend
85%
push,
85%
rather
85%
this
85%
This
85%
thought
85%
turning
85%
worst
85%
I'm
80%
life,
80%
pushed
80%
wanted
80%
Anywhere
75%
bend
75%
'cause
75%
'Cause
75%
everything
75%
have
75%
never
75%
running
75%
truth)
75%
can't
70%
just
70%
that
70%
(trying
70%
was
70%
am
65%
had
65%
isn't
65%
know
65%
remember
65%
Remember
65%
said
65%
who
65%
would
65%
about
60%
after
60%
always
60%
exactly
60%
in
60%
think
60%
again
55%
and
55%
And
55%
criminal
55%
forget
55%
look
55%
more
55%
person
55%
really
55%
second
55%
away
50%
But
50%
Stealing
50%
talk
50%
they
50%
fitting
45%
pulling
45%
stay
45%
condescending
40%
it'll
40%
pretended
40%
ought
35%
up
35%
listening
30%
taught
30%
No matching quizzes found
Score Distribution
Percent of People with Each Score
Percentile by Number Answered
Your Score History
You have not taken this quiz